000 01404nam a2200337 c 4500
003 BLK
005 20210104122602.0
008 180409b bul|||||r ||||||| ||bul||
010 _aKNG00117670000
020 _a954-320-056-4
_bиздат.: Рива
040 _aBLK
041 _aBUL
_cBUL
080 _aОбща световна история. История на света
_b930.9
_x
_z930.9
100 1 _aБаро, Жан-Клод
_eпърви автор
_9301125
700 1 _aБиго, Гийом
_eсъавт.
_938942
700 1 _aПройков, Венелин Йовков
_eпрев. от фр.
_9250480
139 _aБаро, Жан-Клод и др.
_bБ 26
245 1 0 _aИстория на света
_bОт праист. времена до наши дни
_cЖан-Клод Баро; съавт. Гийом Биго; прев. от фр. Венелин Йовков Пройков.
257 _aFRA
260 София
_bРива
_c2006
_fВ. Търново : Абагар
300 _a304 с.
_c23 см
380 _a9
500 _aОриг. загл. Toute l'histoire du monde / Jean-Claude Barreau, Guillaume Bigot. - Офс. изд.
650 4 _aИстория, световна
_9261939
653 _aсветовна история
852 _aЦб 227159
856 4 _qpdf
_u
856 4 _qpdf
_u
942 _cKNG
_n0
_06
944 _aCR
_c05.05.2006
_kПенка_Димитрова
944 _aED
_c06.03.2008
_k
999 _c112305
_d112305